Curso de derecho matrimonial y procesal canónico para profesionales del foro

Na minha lista:
Detalhes bibliográficos
Formato: Livro
Idioma:espanhol
Publicado em: Salamanca Universidad Pontificia de Salamanca 1980
Colecção:Bibliotheca Salmanticensis, 31
Assuntos:
Tags: Adicionar Tag
Sem tags, seja o primeiro a adicionar uma tag!

MARC

LEADER 00000nam a2200000 a 4500
001 UCT7977
003 CL-VaPUC
005 20210105001231.0
008 970317e19800000sp 1 spa d
082 0 4 |a 262.933  |b CUR  |2 21 
245 1 0 |a Curso de derecho matrimonial y procesal canónico para profesionales del foro 
260 |a Salamanca  |b Universidad Pontificia de Salamanca  |c 1980 
300 |a v 
490 0 |a Bibliotheca Salmanticensis, 31 
583 |a last modification  |c 19970317 00:00:00  |k Rodrigo Vera 
650 0 7 |a DERECHO CANONICO  |2 CL-VaPUC  |9 618189 
650 0 7 |a MATRIMONIO  |2 CL-VaPUC  |9 618190 
650 0 0 |a Sacramentos   |9 257270 
650 0 7 |a NULIDAD DEL MATRIMONIO  |2 CL-VaPUC  |9 618191 
650 0 7 |a IMPEDIMENTOS DE MATRIMONIO  |2 CL-VaPUC  |9 258751 
942 |c BK 
945 |a paguirre  |d 19970317 00:00:00 
546 |a En Español 
518 |p Simposio Nacional para Miembros de Tribunales Eclesiásticos, 6, Santander, 1979 
999 |c 382828  |d 382826 
952 |0 0  |1 0  |4 0  |6 262_933000000000000_CUR_1980  |7 0  |8 A  |9 504720  |a BIBDER  |b BIBDER  |d 2020-01-23  |h v.4  |i 1811371  |o 262.933 CUR 1980  |p 1811371  |r 2023-01-25  |w 2020-01-23  |y BK  |k DER